[Event "DEM U14w 2014"]
[Site "Magdeburg GER"]
[Date "2014.06.08"]
[Round "1"]
[White "Sieber, Fiona"]
[Black "Riegel, Arinna"]
[Result "1-0"]
[Termination "normal"]
[Board "1"]
[WhiteElo "1927"]
[BlackElo "1613"]
[WhiteClock "00:59:49"]
[BlackClock "00:51:59"]
[PlyCount "43"]
[WhiteFideId "12902373"]
[BlackFideId "12931446"]
[EventCountry "GER"]
[EventRounds "9"]
[EventType "swiss"]
[EventDate "2014.06.07"]

1. e4 d5 2. exd5 Qxd5 3. Nc3 Qd8 4. d4 g6 5. Bc4 Bg7 6. Nge2 Nf6 7. Bf4 Nc6 8.
Nb5 e5 9. dxe5 Nh5 10. Qxd8+ Kxd8 11. O-O-O+ Ke7 12. Bg5+ f6 13. exf6+ Nxf6 14.
Nxc7 Rb8 15. Nd5+ Ke8 16. Nxf6+ Bxf6 17. Bxf6 Rf8 18. Bh4 Bf5 19. Rhe1 Rh8 20.
Bf6 Kf8 21. Bxh8 Re8 22. Ng3 1-0

[Event "DEM U14w 2014"]
[Site "Magdeburg GER"]
[Date "2014.06.08"]
[Round "1"]
[White "Reinecke, Katharina"]
[Black "Rogozenco, Teodora"]
[Result "0-1"]
[Termination "normal"]
[Board "2"]
[WhiteElo "1599"]
[BlackElo "1865"]
[WhiteClock "00:18:32"]
[BlackClock "00:11:09"]
[PlyCount "152"]
[WhiteFideId "12929727"]
[BlackFideId "12938084"]
[EventCountry "GER"]
[EventRounds "9"]
[EventType "swiss"]
[EventDate "2014.06.07"]

1. d4 Nf6 2. c4 d6 3. Nf3 Nbd7 4. g3 e5 5. Bg2 Be7 6. Nc3 O-O 7. O-O c6 8. e4
Re8 9. Re1 a6 10. b3 Qc7 11. Be3 Nf8 12. Rc1 Ng6 13. Qc2 Bd8 14. h3 Qe7 15. Kh2
h6 16. Rcd1 Nh7 17. Bc1 Qc7 18. Re2 Ng5 19. Nxg5 hxg5 20. Be3 Kh7 21. Qd2 Qe7
22. Qc2 Rh8 23. Rh1 Kg8 24. Kg1 Be6 25. Re1 Qd7 26. Qd2 Bxh3 27. dxe5 Nxe5 28.
Bxg5 Qg4 29. Qd1 Bxg2 30. Rxh8+ Kxh8 31. Qxg4 Nxg4 32. Bxd8 Bf3 33. Bc7 Kh7 34.
Bxd6 Rh8 35. Re3 Nxe3 36. fxe3 g5 37. Kf2 g4 38. Bf4 Re8 39. e5 Kg6 40. Na4 b5
41. cxb5 axb5 42. Nc5 Rd8 43. e4 Rh8 44. Ke3 Rd8 45. a4 bxa4 46. Nxa4 Rb8 47.
Nc5 Rb5 48. Kd4 Be2 49. Bd2 Rb8 50. b4 Rd8+ 51. Kc3 Kg7 52. e6 f6 53. Be3 Kf8
54. Bd4 Ke7 55. e5 f5 56. Be3 Rg8 57. Bf4 Bf3 58. Kd3 Bd5 59. Kc3 Bxe6 60. Nxe6
Kxe6 61. Kc4 Ra8 62. Kc5 Ra4 63. Kc4 Ra2 64. Kd4 Rf2 65. Be3 Rf3 66. Bf4 Rf2
67. Be3 Rb2 68. Kc4 Rb1 69. Bf4 Re1 70. Kd4 Re4+ 71. Kc5 Rxf4 72. gxf4 g3 73.
Kxc6 g2 74. b5 g1=Q 75. b6 Qc1+ 76. Kb7 Qxf4 0-1

[Event "DEM U14w 2014"]
[Site "Magdeburg GER"]
[Date "2014.06.08"]
[Round "1"]
[White "Wächter, Nathalie"]
[Black "Sewald, Kathrin"]
[Result "1-0"]
[Termination "normal"]
[Board "3"]
[WhiteElo "1762"]
[BlackElo "1540"]
[PlyCount "165"]
[WhiteFideId "12921033"]
[BlackFideId "12964557"]
[EventCountry "GER"]
[EventRounds "9"]
[EventType "swiss"]
[EventDate "2014.06.07"]

1. d4 c5 2. Nf3 cxd4 3. Nxd4 d5 4. e3 e5 5. Nf3 Nc6 6. Be2 Nf6 7. Nbd2 Bd6 8.
O-O O-O 9. Nb3 Bc7 10. c4 Be6 11. Qc2 Qd6 12. g3 Nb4 13. Qd2 Ne4 14. c5 Nxd2
15. cxd6 Nxb3 16. axb3 Bxd6 17. Bd2 Nc6 18. Bc3 f6 19. h4 Bb4 20. Bb5 Bxc3 21.
bxc3 Ne7 22. Rfc1 a6 23. Be2 Bg4 24. Kf1 Bxf3 25. Bxf3 e4 26. Bd1 Rfc8 27. Ra4
Rc7 28. Ke2 Rac8 29. Kd2 Kf7 30. Be2 Ke6 31. Ra2 Ke5 32. Rac2 Rd8 33. Ke1 Rdc8
34. Kd2 Nc6 35. Bf1 Na5 36. Rb2 Nc6 37. Rbc2 Na7 38. Be2 Rc6 39. Ra2 Rb6 40.
Rb2 Rd6 41. Ra2 Rb6 42. Rb2 Nb5 43. Bd1 Nd6 44. Ra2 Nf7 45. Ra5 Kd6 46. Bg4 Rc7
47. Ra3 Ne5 48. Be2 Nd7 49. Kc2 Rbc6 50. Kd2 Ke5 51. Ra5 Rc5 52. Ra2 Kf5 53.
Ra3 Ne5 54. b4 R5c6 55. Ra5 Ke6 56. Rc2 g5 57. h5 g4 58. Ra1 f5 59. Rb1 Rb6 60.
Rd1 Nd7 61. Ke1 Rxb4 62. Rdc1 Rb6 63. c4 dxc4 64. Bxc4+ Kf6 65. Bg8 Rxc2 66.
Rxc2 h6 67. Rc7 Ne5 68. Rh7 Kg5 69. Bd5 Nd3+ 70. Kd2 Ne5 71. Re7 Kf6 72. Rh7
Nf3+ 73. Kc3 Ke5 74. Bxb7 Ng5 75. Re7+ Kf6 76. Rc7 Nh3 77. Rh7 Kg5 78. Bd5 Rb5
79. Rg7+ Kf6 80. Rg6+ Ke5 81. Bc4 Ng5 82. Bxb5 axb5 83. Rxh6 1-0

[Event "DEM U14w 2014"]
[Site "Magdeburg GER"]
[Date "2014.06.08"]
[Round "1"]
[White "Wallat, Jessica"]
[Black "Köhler, Inken"]
[Result "0-1"]
[Termination "normal"]
[Board "4"]
[WhiteElo "1578"]
[BlackElo "1729"]
[WhiteClock "00:13:14"]
[BlackClock "00:44:07"]
[PlyCount "98"]
[WhiteFideId "12909637"]
[BlackFideId "12929301"]
[EventCountry "GER"]
[EventRounds "9"]
[EventType "swiss"]
[EventDate "2014.06.07"]

1. e4 e5 2. Nf3 Nc6 3. Bc4 Bc5 4. c3 Nf6 5. d4 exd4 6. e5 d5 7. Bb5 Ne4 8. cxd4
Bb4+ 9. Bd2 Nxd2 10. Nbxd2 O-O 11. h3 Bxd2+ 12. Qxd2 Bd7 13. Bxc6 Bxc6 14. O-O
Re8 15. Rfe1 Re6 16. Qf4 Qe7 17. Nh4 f6 18. Nf5 Qf7 19. Re3 fxe5 20. Rxe5 Rxe5
21. Qxe5 Re8 22. Qf4 Bd7 23. g4 Bxf5 24. Qxf5 Qxf5 25. gxf5 Re4 26. Kf1 Rxd4
27. Ke2 Kf7 28. Ke3 Re4+ 29. Kf3 Kf6 30. Rg1 Re5 31. Rc1 c6 32. Rc3 Rxf5+ 33.
Kg2 d4 34. Rb3 Rb5 35. Kf3 Rxb3+ 36. axb3 Kf5 37. b4 b6 38. b3 g5 39. Ke2 Ke4
40. Kd2 h5 41. Ke2 c5 42. b5 g4 43. hxg4 hxg4 44. Kd2 Kf3 45. Ke1 d3 46. Kd2
Kxf2 47. Kxd3 g3 48. Kd2 g2 49. Kd3 g1=Q 0-1

[Event "DEM U14w 2014"]
[Site "Magdeburg GER"]
[Date "2014.06.08"]
[Round "1"]
[White "Simon, Tessa"]
[Black "Böse, Carolin"]
[Result "1-0"]
[Termination "normal"]
[Board "5"]
[WhiteElo "1656"]
[BlackElo "1518"]
[WhiteClock "00:10:11"]
[BlackClock "00:26:30"]
[PlyCount "59"]
[WhiteFideId "12929395"]
[BlackFideId "12929646"]
[EventCountry "GER"]
[EventRounds "9"]
[EventType "swiss"]
[EventDate "2014.06.07"]

1. e4 e6 2. d4 d5 3. Nc3 Nf6 4. Bg5 Bb4 5. e5 h6 6. Bd2 Bxc3 7. bxc3 Ne4 8. Qg4
Kf8 9. h4 Nxd2 10. Kxd2 c5 11. Bd3 c4 12. Be2 Nc6 13. Rh3 Ne7 14. Qf4 Ng6 15.
Qg3 Rg8 16. Nf3 Ke8 17. h5 Ne7 18. Qf4 Qc7 19. Nh4 f6 20. Rf3 f5 21. g4 Bd7 22.
g5 Rh8 23. gxh6 Rxh6 24. Rg3 Kf7 25. Rag1 Rg8 26. Rxg7+ Rxg7 27. Rxg7+ Kxg7 28.
Qg5+ Kf7 29. Qxh6 Ng8 30. Qh7+ 1-0

[Event "DEM U14w 2014"]
[Site "Magdeburg GER"]
[Date "2014.06.08"]
[Round "1"]
[White "Ratay, Meike"]
[Black "Sanati, Charlotte"]
[Result "1/2-1/2"]
[Termination "normal"]
[Board "6"]
[WhiteElo "1513"]
[BlackElo "1760"]
[PlyCount "58"]
[WhiteFideId "12977608"]
[BlackFideId "12907707"]
[EventCountry "GER"]
[EventRounds "9"]
[EventType "swiss"]
[EventDate "2014.06.07"]

1. d4 d5 2. g3 c6 3. Bg2 Nf6 4. e3 Bf5 5. Ne2 e6 6. O-O Bd6 7. b3 Nbd7 8. c4
O-O 9. Ba3 Bxa3 10. Nxa3 Qa5 11. Qc1 b5 12. cxb5 cxb5 13. Qb2 Rac8 14. Rfc1 b4
15. Nc2 Qb5 16. Ne1 Ne4 17. Bf1 Qa5 18. a3 Rxc1 19. Qxc1 Ndf6 20. Nf4 h6 21.
Nfd3 bxa3 22. Qxa3 Qxa3 23. Rxa3 Rb8 24. Ne5 Nd6 25. Nc6 Rb6 26. Nxa7 Nfe4 27.
Nd3 Nd2 28. Nc5 Nxf1 29. Kxf1 Bc2 1/2-1/2

[Event "DEM U14w 2014"]
[Site "Magdeburg GER"]
[Date "2014.06.08"]
[Round "1"]
[White "Ley, Sabrina"]
[Black "Müller, Sophie"]
[Result "1/2-1/2"]
[Termination "normal"]
[Board "7"]
[WhiteElo "1482"]
[BlackElo "1460"]
[PlyCount "42"]
[WhiteFideId "12938130"]
[BlackFideId "12926698"]
[EventCountry "GER"]
[EventRounds "9"]
[EventType "swiss"]
[EventDate "2014.06.07"]

1. e4 c5 2. Nf3 d6 3. d4 cxd4 4. Nxd4 Nf6 5. Nc3 a6 6. Bg5 e6 7. f4 b5 8. Qf3
Bb7 9. Bd3 Be7 10. O-O-O Nbd7 11. g4 Nc5 12. a3 Qb6 13. Kb1 b4 14. axb4 Qxb4
15. Na2 Qb6 16. Rhe1 Rb8 17. b3 d5 18. e5 Nfe4 19. Bxe7 Kxe7 20. f5 Nxd3 21.
Rxd3 Rhc8 1/2-1/2

[Event "DEM U14w 2014"]
[Site "Magdeburg GER"]
[Date "2014.06.08"]
[Round "1"]
[White "Kail, Sindy"]
[Black "Halas, Julia"]
[Result "1-0"]
[Termination "normal"]
[Board "8"]
[WhiteElo "1487"]
[BlackElo "1589"]
[PlyCount "79"]
[WhiteFideId "12988502"]
[BlackFideId "12931810"]
[EventCountry "GER"]
[EventRounds "9"]
[EventType "swiss"]
[EventDate "2014.06.07"]

1. e4 e6 2. d4 d5 3. Nd2 Nf6 4. e5 Nfd7 5. Bd3 c5 6. c3 Nc6 7. Ne2 cxd4 8. cxd4
f6 9. f4 Be7 10. Nf3 O-O 11. O-O Qb6 12. Kh1 Re8 13. a3 f5 14. b4 a6 15. Rb1
Qd8 16. Qe1 b5 17. Qg3 Nb6 18. Be3 Nc4 19. Bxc4 dxc4 20. Nc3 Bf8 21. Rfd1 Ne7
22. Ng1 Bb7 23. Nge2 Qc7 24. a4 Bc6 25. a5 Qb7 26. Rb2 Rad8 27. Kg1 Ng6 28. Qf2
Be7 29. g3 Bf8 30. h3 Qc8 31. g4 Ne7 32. Kh2 Qb7 33. Rg1 Kh8 34. g5 Bf3 35. h4
Ng6 36. Kg3 Bc6 37. h5 Ne7 38. Kh2 Bf3 39. Ng3 Bc6 40. Nge2 1-0

[Event "DEM U14w 2014"]
[Site "Magdeburg GER"]
[Date "2014.06.08"]
[Round "1"]
[White "Walker, Julia"]
[Black "Lohrmann, Tabea"]
[Result "1-0"]
[Termination "normal"]
[Board "9"]
[WhiteElo "1673"]
[BlackElo "1484"]
[PlyCount "121"]
[WhiteFideId "1271852"]
[BlackFideId "12911941"]
[EventCountry "GER"]
[EventRounds "9"]
[EventType "swiss"]
[EventDate "2014.06.07"]

1. e4 e5 2. Nf3 Nc6 3. d4 exd4 4. Bc4 Bc5 5. c3 Nf6 6. e5 Ng4 7. O-O dxc3 8.
Bxf7+ Kxf7 9. Qd5+ Ke8 10. Qxc5 Qe7 11. Qxc3 Rf8 12. h3 Nh6 13. b3 Nf5 14. Ba3
d6 15. Re1 Be6 16. exd6 Nxd6 17. Qe3 Kd7 18. Ng5 Rae8 19. Nxe6 Qxe6 20. Qxe6+
Rxe6 21. Rxe6 Kxe6 22. Nc3 Rd8 23. Re1+ Kf6 24. Nd5+ Kf7 25. Nxc7 Nd4 26. Nd5
N6b5 27. Re7+ Kg8 28. Rxb7 Rxd5 29. Rb8+ Kf7 30. Rb7+ Ke6 31. Bf8 Rd7 32. Rxd7
Kxd7 33. Bxg7 Nf5 34. Bb2 a6 35. g4 Nfd4 36. a4 Nf3+ 37. Kg2 Nbd4 38. b4 Kc6
39. Kg3 Kd5 40. b5 axb5 41. axb5 Kc5 42. Kf4 Ng1 43. Bxd4+ Kxb5 44. h4 Kc4 45.
Bg7 Nh3+ 46. Kg3 Ng1 47. f4 Kd5 48. f5 Ne2+ 49. Kf3 Ng1+ 50. Kg2 Ne2 51. g5
Nf4+ 52. Kf3 Nh5 53. Bb2 Kd6 54. Kg4 Ke7 55. Kxh5 Kf7 56. Kh6 Kg8 57. f6 Kf8
58. Kxh7 Kf7 59. g6+ Kf8 60. g7+ Kf7 61. g8=Q# 1-0

[Event "DEM U14w 2014"]
[Site "Magdeburg GER"]
[Date "2014.06.08"]
[Round "1"]
[White "Cejda, Cecilia"]
[Black "Moses, Selina"]
[Result "0-1"]
[Termination "normal"]
[Board "10"]
[WhiteElo "1552"]
[BlackElo "1786"]
[PlyCount "48"]
[WhiteFideId "12921122"]
[BlackFideId "12908070"]
[EventCountry "GER"]
[EventRounds "9"]
[EventType "swiss"]
[EventDate "2014.06.07"]

1. e4 c5 2. Nf3 d6 3. d4 cxd4 4. Nxd4 Nf6 5. Nc3 a6 6. Be3 e6 7. f3 b5 8. g4
Bb7 9. Qd2 Nfd7 10. O-O-O Nb6 11. Bg2 N8d7 12. f4 Nc4 13. Qe2 Rc8 14. Nb3 Qc7
15. Bf2 Ndb6 16. Bxb6 Qxb6 17. Rhe1 e5 18. fxe5 dxe5 19. Nd5 Bxd5 20. exd5 Be7
21. Kb1 O-O 22. Nd2 Rfd8 23. Nxc4 bxc4 24. Qxe5 Bf6 0-1

[Event "DEM U14w 2014"]
[Site "Magdeburg GER"]
[Date "2014.06.08"]
[Round "1"]
[White "Denkert, Anna"]
[Black "Christiansen, Anna"]
[Result "1-0"]
[Termination "normal"]
[Board "11"]
[WhiteElo "1655"]
[BlackElo "1330"]
[PlyCount "111"]
[WhiteFideId "12938122"]
[BlackFideId "12952230"]
[EventCountry "GER"]
[EventRounds "9"]
[EventType "swiss"]
[EventDate "2014.06.07"]

1. e4 e5 2. Nf3 Nc6 3. Bc4 Bc5 4. d3 Nf6 5. Nbd2 d6 6. c3 Be6 7. Bb3 O-O 8. O-O
Bg4 9. Re1 b5 10. Nf1 Bb6 11. Ng3 Ne7 12. h3 Bxf3 13. Qxf3 Ng6 14. Bg5 h6 15.
Bxf6 Qxf6 16. Qxf6 gxf6 17. Nh5 Nf4 18. Nxf4 exf4 19. Bd5 Rab8 20. Bc6 a6 21.
a3 Ba7 22. d4 a5 23. b4 a4 24. Rad1 Kh8 25. Rd3 Rg8 26. Rf3 Rg6 27. Rxf4 Rbg8
28. g3 Rb8 29. Rf5 Rg5 30. Rxf6 Kg7 31. Rf5 Rb6 32. d5 Rb8 33. Rxg5+ hxg5 34.
e5 dxe5 35. Rxe5 Kf6 36. Re8 Rb6 37. Kg2 Bb8 38. h4 gxh4 39. gxh4 Kg6 40. Kg3
Kg7 41. Kg4 Ra6 42. Rxb8 Kh7 43. Rxb5 Kg7 44. Ra5 Rb6 45. Rb5 Ra6 46. Kg5 f6+
47. Kf5 Kf7 48. c4 Kg7 49. c5 Kf7 50. Ra5 Rxa5 51. bxa5 Kg7 52. a6 Kf7 53. a7
Kg7 54. a8=Q Kh7 55. Kxf6 Kh6 56. Qh8# 1-0

[Event "DEM U14w 2014"]
[Site "Magdeburg GER"]
[Date "2014.06.08"]
[Round "1"]
[White "Kummer, Birte"]
[Black "Peters, Theresa"]
[Result "1/2-1/2"]
[Termination "normal"]
[Board "12"]
[WhiteElo "1297"]
[BlackElo "1636"]
[PlyCount "61"]
[WhiteFideId "12952214"]
[BlackFideId "12952192"]
[EventCountry "GER"]
[EventRounds "9"]
[EventType "swiss"]
[EventDate "2014.06.07"]

1. e4 c5 2. Nf3 a6 3. c3 d5 4. exd5 Qxd5 5. d4 Nc6 6. Be2 e6 7. Be3 cxd4 8.
cxd4 Nf6 9. Nc3 Qa5 10. O-O Bd6 11. a3 O-O 12. Qc2 Rd8 13. Rfd1 Qc7 14. Ne4 Be7
15. Nxf6+ Bxf6 16. Rab1 Rd7 17. Qe4 Ne7 18. Ne5 Bxe5 19. Qxe5 Ng6 20. Qxc7 Rxc7
21. d5 exd5 22. Rxd5 Be6 23. Rc5 Rxc5 24. Bxc5 Rc8 25. b4 Rd8 26. Rd1 Rxd1+ 27.
Bxd1 Bd5 28. Kf1 f6 29. g3 Kf7 30. Ke2 Ne5 31. f4 1/2-1/2

[Event "DEM U14w 2014"]
[Site "Magdeburg GER"]
[Date "2014.06.08"]
[Round "1"]
[White "Poetsch, Leonore"]
[Black "Caliebe, Nanke"]
[Result "1-0"]
[Termination "normal"]
[Board "13"]
[WhiteElo "1529"]
[BlackElo "1272"]
[PlyCount "121"]
[WhiteFideId "12940372"]
[BlackFideId "12980528"]
[EventCountry "GER"]
[EventRounds "9"]
[EventType "swiss"]
[EventDate "2014.06.07"]

1. e4 c5 2. c3 e6 3. d4 cxd4 4. cxd4 Nc6 5. Nf3 Nf6 6. Nc3 Bb4 7. Bd3 O-O 8.
O-O b6 9. a3 Be7 10. d5 Nb8 11. Bc4 Qc7 12. Ba2 Bb7 13. Be3 Bd6 14. Nb5 Bxh2+
15. Nxh2 Qd8 16. Nd6 Qc7 17. Nxb7 Qxb7 18. Qd3 Na6 19. b4 Rfe8 20. Bc4 Nb8 21.
Rac1 d6 22. dxe6 fxe6 23. f3 d5 24. exd5 exd5 25. Bb3 Qd7 26. Rfd1 Rd8 27. Bf4
Nc6 28. b5 Ne7 29. Rc7 Qe8 30. Re1 Rd7 31. Qe2 Rad8 32. Rxd7 Rxd7 33. Qe6+ Kf8
34. Bd6 Qf7 35. Qxf7+ Kxf7 36. Bxe7 Rxe7 37. Rxe7+ Kxe7 38. Kf2 Kd6 39. Ke3 Kc5
40. a4 Kb4 41. Bd1 Kc3 42. Nf1 d4+ 43. Kf4 Nd5+ 44. Ke4 Nf6+ 45. Ke5 Nd7+ 46.
Kd6 Nc5 47. g4 Kb4 48. Nd2 Nxa4 49. Bxa4 Kxa4 50. Kc6 Kb4 51. f4 Kc3 52. Nf3 d3
53. f5 d2 54. Nxd2 Kb4 55. g5 Ka5 56. f6 gxf6 57. gxf6 a6 58. bxa6 Kxa6 59. f7
Ka5 60. f8=Q b5 61. Kc5 1-0

[Event "DEM U14w 2014"]
[Site "Magdeburg GER"]
[Date "2014.06.08"]
[Round "2"]
[White "Walker, Julia"]
[Black "Sieber, Fiona"]
[Result "0-1"]
[Termination "normal"]
[Board "1"]
[WhiteElo "1673"]
[BlackElo "1927"]
[PlyCount "58"]
[WhiteFideId "1271852"]
[BlackFideId "12902373"]
[EventCountry "GER"]
[EventRounds "9"]
[EventType "swiss"]
[EventDate "2014.06.07"]

1. e4 c5 2. c3 Nf6 3. e5 Nd5 4. Nf3 d6 5. d4 cxd4 6. cxd4 e6 7. Bc4 Nc6 8. a3
Be7 9. O-O O-O 10. Bd3 Bd7 11. Qc2 f5 12. exf6 Nxf6 13. Nc3 Rc8 14. Re1 e5 15.
dxe5 Nxe5 16. Nxe5 dxe5 17. Qb3+ Kh8 18. Rxe5 Bd6 19. Re2 Bg4 20. f3 Bxh2+ 21.
Kxh2 Qxd3 22. Rd2 Qf5 23. Nd5 Qe5+ 24. f4 Qh5+ 25. Kg1 Rfe8 26. Nc3 Qh4 27. Rc2
Bd1 28. g3 Qxg3+ 29. Rg2 Qe1+ 0-1

[Event "DEM U14w 2014"]
[Site "Magdeburg GER"]
[Date "2014.06.08"]
[Round "2"]
[White "Rogozenco, Teodora"]
[Black "Denkert, Anna"]
[Result "1-0"]
[Termination "normal"]
[Board "2"]
[WhiteElo "1865"]
[BlackElo "1655"]
[PlyCount "57"]
[WhiteFideId "12938084"]
[BlackFideId "12938122"]
[EventCountry "GER"]
[EventRounds "9"]
[EventType "swiss"]
[EventDate "2014.06.07"]

1. d4 Nf6 2. c4 c5 3. d5 b5 4. Qc2 e6 5. e4 bxc4 6. Bxc4 exd5 7. exd5 d6 8. h3
Bb7 9. Nc3 Nbd7 10. Nf3 Be7 11. O-O Nb6 12. Bb5+ Nfd7 13. Bc6 Qc8 14. Re1 Bxc6
15. Qe2 Qd8 16. dxc6 Nf6 17. Bf4 Nbd5 18. Nxd5 Nxd5 19. Bg3 Nc7 20. Rad1 Ne6
21. Rd5 O-O 22. Red1 Qa5 23. a3 Rad8 24. Bxd6 Bxd6 25. Rxd6 Rxd6 26. Rxd6 Qc7
27. Qe5 Rc8 28. Qd5 Qb6 29. Rxe6 1-0

[Event "DEM U14w 2014"]
[Site "Magdeburg GER"]
[Date "2014.06.08"]
[Round "2"]
[White "Moses, Selina"]
[Black "Wächter, Nathalie"]
[Result "1/2-1/2"]
[Termination "normal"]
[Board "3"]
[WhiteElo "1786"]
[BlackElo "1762"]
[PlyCount "63"]
[WhiteFideId "12908070"]
[BlackFideId "12921033"]
[EventCountry "GER"]
[EventRounds "9"]
[EventType "swiss"]
[EventDate "2014.06.07"]

1. e4 e5 2. Nf3 Nc6 3. Nc3 Nf6 4. d4 exd4 5. Nxd4 Bb4 6. Nxc6 bxc6 7. Bd3 d5 8.
exd5 O-O 9. O-O cxd5 10. Bg5 c6 11. Na4 Bd6 12. c4 h6 13. Bh4 Rb8 14. cxd5 cxd5
15. b3 Be5 16. Rc1 Qd6 17. Bg3 Bxg3 18. hxg3 Bg4 19. Qd2 Rfe8 20. Rfe1 Rxe1+
21. Rxe1 Rd8 22. Qa5 Rd7 23. Nc5 Re7 24. Rxe7 Qxe7 25. Na6 Bh5 26. Nc7 Qe5 27.
Kf1 Qa1+ 28. Qe1 Qxa2 29. Nxd5 Bg6 30. Nxf6+ gxf6 31. Bxg6 fxg6 32. Qe8+
1/2-1/2

[Event "DEM U14w 2014"]
[Site "Magdeburg GER"]
[Date "2014.06.08"]
[Round "2"]
[White "Köhler, Inken"]
[Black "Poetsch, Leonore"]
[Result "1-0"]
[Termination "normal"]
[Board "4"]
[WhiteElo "1729"]
[BlackElo "1529"]
[PlyCount "49"]
[WhiteFideId "12929301"]
[BlackFideId "12940372"]
[EventCountry "GER"]
[EventRounds "9"]
[EventType "swiss"]
[EventDate "2014.06.07"]

1. e4 e6 2. d4 d5 3. exd5 exd5 4. Bd3 Bd6 5. Ne2 Qf6 6. O-O Bf5 7. c3 Ne7 8.
Bxf5 Nxf5 9. Bf4 O-O 10. Qd3 Nd7 11. Nd2 Rae8 12. Bxd6 Nxd6 13. Ng3 c6 14. Rae1
Qf4 15. Re3 f5 16. Rfe1 Rxe3 17. Rxe3 Ne4 18. Ndxe4 fxe4 19. Qe2 Nb6 20. b3 Nc8
21. f3 exf3 22. Rxf3 Qd6 23. Nf5 Qd7 24. Qe5 Re8 25. Nh6+ 1-0

[Event "DEM U14w 2014"]
[Site "Magdeburg GER"]
[Date "2014.06.08"]
[Round "2"]
[White "Sauer, Annika"]
[Black "Simon, Tessa"]
[Result "0-1"]
[Termination "normal"]
[Board "5"]
[WhiteElo "1602"]
[BlackElo "1656"]
[PlyCount "96"]
[WhiteFideId "12952052"]
[BlackFideId "12929395"]
[EventCountry "GER"]
[EventRounds "9"]
[EventType "swiss"]
[EventDate "2014.06.07"]

1. d4 d5 2. Nf3 Nf6 3. e3 c5 4. b3 e6 5. Bd3 Nc6 6. Bb2 Bd6 7. Ne5 O-O 8. O-O
Qc7 9. f4 Rb8 10. Qe2 Nb4 11. Nc3 a6 12. Na4 Nxd3 13. Qxd3 Ne4 14. dxc5 Nxc5
15. Nxc5 Bxc5 16. Rac1 f6 17. Nf3 Bd7 18. Bd4 Ba3 19. Rb1 Bd6 20. Qc3 Qxc3 21.
Bxc3 Rbc8 22. Bb2 Rxc2 23. Nd4 Rcc8 24. Nf3 Bb5 25. Rfe1 Bb4 26. Rec1 Bd3 27.
Rxc8 Rxc8 28. Rc1 Rxc1+ 29. Bxc1 Bc3 30. Bd2 Bxd2 31. Nxd2 Kf7 32. Kf2 e5 33.
fxe5 fxe5 34. Nf3 Kf6 35. Ke1 Be4 36. b4 Bxf3 37. gxf3 d4 38. exd4 exd4 39. Kd2
Ke5 40. Kd3 b5 41. a3 g5 42. h3 h6 43. Ke2 Kf4 44. Kf2 d3 45. Ke1 Kxf3 46. Kd2
Kg3 47. Kxd3 Kxh3 48. Ke3 g4 0-1

[Event "DEM U14w 2014"]
[Site "Magdeburg GER"]
[Date "2014.06.08"]
[Round "2"]
[White "Sanati, Charlotte"]
[Black "Kail, Sindy"]
[Result "1-0"]
[Termination "normal"]
[Board "6"]
[WhiteElo "1760"]
[BlackElo "1487"]
[PlyCount "91"]
[WhiteFideId "12907707"]
[BlackFideId "12988502"]
[EventCountry "GER"]
[EventRounds "9"]
[EventType "swiss"]
[EventDate "2014.06.07"]

1. e4 c5 2. Nf3 d6 3. d4 cxd4 4. Nxd4 Nf6 5. Nc3 a6 6. Bc4 e6 7. Be3 Nc6 8. Qd2
Be7 9. h3 Qc7 10. Bb3 b5 11. a3 Bb7 12. O-O-O O-O-O 13. Bxe6+ fxe6 14. Nxe6 Qd7
15. Nxd8 Rxd8 16. Bb6 Re8 17. Rhe1 Bd8 18. Bxd8 Rxd8 19. Nd5 Nxd5 20. exd5 Ne7
21. Qc3+ Kb8 22. Qxg7 Nxd5 23. Qg5 Rf8 24. f3 Qf5 25. Re8+ Ka7 26. Qxf5 Rxf5
27. Rg8 Re5 28. Rg7 h5 29. g4 Kb8 30. f4 Nxf4 31. Rxd6 Kc8 32. Rf6 Ne6 33. Re7
Bd5 34. Rf8+ Nxf8 35. Rxe5 Bc6 36. Rxh5 Kd7 37. Re5 Ng6 38. Re3 Bd5 39. Kd2 Be6
40. Kc3 a5 41. Kd4 Kd6 42. Rf3 Ne5 43. Rf6 Nc4 44. a4 bxa4 45. Rxe6+ Kxe6 46.
Kxc4 1-0

[Event "DEM U14w 2014"]
[Site "Magdeburg GER"]
[Date "2014.06.08"]
[Round "2"]
[White "Peters, Theresa"]
[Black "Ley, Sabrina"]
[Result "0-1"]
[Termination "normal"]
[Board "7"]
[WhiteElo "1636"]
[BlackElo "1482"]
[PlyCount "76"]
[WhiteFideId "12952192"]
[BlackFideId "12938130"]
[EventCountry "GER"]
[EventRounds "9"]
[EventType "swiss"]
[EventDate "2014.06.07"]

1. e4 c5 2. Nf3 d6 3. d4 cxd4 4. Nxd4 Nf6 5. Nc3 a6 6. Be2 e5 7. Nb3 Qc7 8. Be3
b5 9. a3 Bb7 10. f3 Be7 11. Qd2 Nbd7 12. O-O O-O 13. Rfd1 Nc5 14. Nc1 Rfd8 15.
Qe1 d5 16. exd5 Nxd5 17. Nxd5 Bxd5 18. Qg3 Na4 19. Nd3 Qxc2 20. Rd2 Qc7 21. Rc1
Qb7 22. Qxe5 Bd6 23. Qg5 Be6 24. Rcd1 Be7 25. Qg3 Bb3 26. Rc1 Rac8 27. f4 Rxc1+
28. Nxc1 Rxd2 29. Bxd2 Bc2 30. b3 Nc5 31. Bc3 Bf8 32. Bf3 Qd7 33. b4 Ne4 34.
Bxe4 Bxe4 35. Qe1 Qc6 36. Qd2 Bxg2 37. f5 Bh3 38. f6 Qf3 0-1

[Event "DEM U14w 2014"]
[Site "Magdeburg GER"]
[Date "2014.06.08"]
[Round "2"]
[White "Müller, Sophie"]
[Black "Ratay, Meike"]
[Result "1/2-1/2"]
[Termination "normal"]
[Board "8"]
[WhiteElo "1460"]
[BlackElo "1513"]
[PlyCount "70"]
[WhiteFideId "12926698"]
[BlackFideId "12977608"]
[EventCountry "GER"]
[EventRounds "9"]
[EventType "swiss"]
[EventDate "2014.06.07"]

1. d4 Nf6 2. Bg5 e6 3. e3 g6 4. Nf3 Bg7 5. Bd3 O-O 6. O-O d6 7. Nbd2 Nbd7 8. e4
e5 9. d5 Qe8 10. c4 Nh5 11. Qc2 Nc5 12. Ne1 Nxd3 13. Nxd3 f5 14. f3 Bf6 15. Be3
Qe7 16. c5 Bg5 17. Bf2 fxe4 18. fxe4 Bg4 19. Kh1 Be2 20. Nf3 Bxf1 21. Rxf1 Bh6
22. Kg1 Nf6 23. Qe2 Ng4 24. Bh4 Qd7 25. h3 Nf6 26. Bg5 Bxg5 27. Nxg5 Nh5 28.
Rxf8+ Rxf8 29. Ne6 Rf7 30. Qe3 a6 31. g4 Ng7 32. Ng5 Rf8 33. Nf3 Qa4 34. a3 Qb3
35. Nfe1 Qb5 1/2-1/2

[Event "DEM U14w 2014"]
[Site "Magdeburg GER"]
[Date "2014.06.08"]
[Round "2"]
[White "Riegel, Arinna"]
[Black "Lohrmann, Tabea"]
[Result "1-0"]
[Termination "normal"]
[Board "10"]
[WhiteElo "1613"]
[BlackElo "1484"]
[PlyCount "93"]
[WhiteFideId "12931446"]
[BlackFideId "12911941"]
[EventCountry "GER"]
[EventRounds "9"]
[EventType "swiss"]
[EventDate "2014.06.07"]

1. e4 e5 2. Nf3 Nc6 3. Bb5 a6 4. Bxc6 dxc6 5. d4 exd4 6. Qxd4 Qxd4 7. Nxd4 Bc5
8. Be3 Nf6 9. f3 Bd7 10. Kf2 O-O-O 11. Nc3 Rhe8 12. Rad1 h6 13. a3 Re7 14. Rd2
Be6 15. Rhd1 Red7 16. a4 Kb8 17. b3 Bb4 18. Nde2 Rxd2 19. Rxd2 Rxd2 20. Bxd2
Nd7 21. Be3 f5 22. Nf4 Bxc3 23. Nxe6 fxe4 24. fxe4 Nf6 25. Kf3 g5 26. g4 Kc8
27. Bd4 Bxd4 28. Nxd4 Kd7 29. e5 Nd5 30. Ke4 Ne7 31. Nf5 Ng8 32. Ng7 Ke7 33.
Nf5+ Ke6 34. Nd4+ Kf7 35. b4 Ne7 36. c4 b6 37. b5 cxb5 38. cxb5 a5 39. Nf5 Ke6
40. Nxe7 Kxe7 41. Kd5 Kd7 42. e6+ Ke7 43. Kc6 Kd8 44. h3 Ke7 45. Kxc7 Kxe6 46.
Kxb6 Kd7 47. Ka7 1-0